Aphmau Mystreet Characters - Statistics

General Stats
  • This quiz has been taken 606 times
  • The average score is 31 of 66
Answer Stats
Answer % Correct
Aaron
100%
Aphmau
100%
Katelyn
97%
Garroth
94%
Zane
94%
Kawaii~Chan
91%
Ein
85%
Dante
82%
Travis
82%
Lucinda
79%
Laurence
76%
Gene
70%
Kim
70%
Melissa
70%
Sylvanna
67%
Eric
64%
Garte
61%
Daniel
58%
Vylad
58%
Dottie
55%
Ivy
55%
Zack
55%
Blaze
52%
Emmalyn (Ghost)
52%
Kai
52%
Michi
52%
Nicole
52%
Rachel
52%
Zianna
48%
Rylan
45%
Sasha
45%
Guy
42%
Irene
42%
Teony
42%
Zenix
42%
Elizabeth
39%
Nate
39%
Cadenza
36%
Lily
36%
Emmalyn
33%
Maria (Dante & Gene's Mom)
33%
Maria the Werewolf
33%
Michael
33%
Terry
33%
Brendan
30%
Ivan
30%
Reese
30%
Agent R (Rowen)
27%
Caleb
27%
Derick
27%
Jeffory
27%
Jenna
27%
Kacey
27%
Renee (Alina)
27%
Alex
24%
Damien
24%
Kenmur
24%
Toby
24%
Tatiana
21%
Abby
18%
Chad
18%
Malachi
18%
Santa Claus
18%
Holla
15%
Levin
15%
Liochant
15%
No matching quizzes found
Score Distribution
Percent of People with Each Score
Percentile by Number Answered
Your Score History
You have not taken this quiz